Expediente académico de Don Marcelino Menéndez y Pelayo. (Registro nro. 178230)

Detalles MARC
000 -LEADER
campo de control de longitud fija 01183namaa22002651i 4500
001 - NÚMERO DE CONTROL
campo de control 178230
003 - IDENTIFICADOR DE NÚMERO DE CONTROL
campo de control ES-MaACL
005 - FECHA Y HORA DE LA ÚLTIMA TRANSACCIÓN
campo de control 20231226211510.0
008 - DATOS DE LONGITUD FIJA--INFORMACIÓN GENERAL
campo de control de longitud fija 110524s1912 sp |||| |dspa d
245 00 - MENCIÓN DEL TÍTULO
Título Expediente académico de Don Marcelino Menéndez y Pelayo.
250 ## - MENCION DE EDICION
Mención de edición Publicación oficial.
260 ## - PUBLICACIÓN, DISTRIBUCIÓN, ETC.
Lugar de publicación, distribución, etc. Valladolid :
Nombre del editor, distribuidor, etc. [s.n.,
Fecha de publicación, distribución, etc. 1912] (
Fabricante Tip. y Casa Editorial Cuesta)
300 ## - DESCRIPCIÓN FÍSICA
Extensión 37 p. ;
Dimensiones 24 cm.
530 ## - NOTA DISPONIBLE DE FORMULARIO FÍSICO ADICIONAL
Nota de formato físico adicional disponible Disponible en formato digital.
594 ## - Nota al título y mención de responsabilidad
Nota al título y mención de responsabilidad Incluye (p. [19]-36) el discurso del autor como opositor con el tít. "Conceptismo, gongorismo y culteranismo, sus causas y efectos en la literatura española"
594 ## - Nota al título y mención de responsabilidad
Nota al título y mención de responsabilidad Precede al tít.: Universidad Literaria de Valladolid.
600 17 - PUNTO DE ACCESO ADICIONAL DE MATERIA--NOMBRE DE PERSONA
Nombre de persona Menéndez y Pelayo, Marcelino,
Fechas asociadas al nombre 1856-1912-
Subdivisión general Biografías
Fuente del encabezamiento o término
9 (RLIN) 169556
650 #4 - PUNTO DE ACCESO ADICIONAL DE MATERIA--TÉRMINO DE MATERIA
Término de materia o nombre geográfico como elemento de entrada Culteranismo.
9 (RLIN) 170415
650 #4 - PUNTO DE ACCESO ADICIONAL DE MATERIA--TÉRMINO DE MATERIA
Término de materia o nombre geográfico como elemento de entrada Conceptismo.
9 (RLIN) 169557
700 1# - ENTRADA AGREGADA--NOMBRE PERSONAL
Nombre de persona Menéndez y Pelayo, Marcelino,
Fechas asociadas al nombre 1856-1912
9 (RLIN) 80332
710 2# - ENTRADA AGREGADA--NOMBRE DE ENTIDAD CORPORATIVA
Nombre de entidad corporativa o nombre de jurisdicción como elemento de entrada Universidad Literaria de Valladolid.
9 (RLIN) 7394
852 ## - LOCALIZACIÓN
Ubicación ES-MaACL
Número de control de estantería T-1329-F-11
856 ## - LOCALIZACIÓN Y ACCESO ELECTRÓNICOS
Identificador Uniforme de Recursos <a href="http://bibliotecadigital.jcyl.es/i18n/consulta/registro.cmd?id=11471">http://bibliotecadigital.jcyl.es/i18n/consulta/registro.cmd?id=11471</a>
Nota pública Biblioteca Digital de Castilla y León
Existencias
Estatus retirado Estado de pérdida Estado de daño No para préstamo Colección Biblioteca de origen Biblioteca actual Ubicación en estantería Fecha de adquisición Fuente de adquisición Total de préstamos Signatura topográfica completa Código de barras Visto por última vez Precio de reemplazo Tipo de ítem Koha
        Colección de folletos Biblioteca del Ateneo de Madrid Biblioteca del Ateneo de Madrid Depósito folletos 24/05/2011     T-1329-F-11 1187224 23/02/2023 23/02/2023 Folleto